Ciencias sociales 7mo. egb /
Guardado en:
| Autor Principal: | |
|---|---|
| Formato: | Libro |
| Publicado: |
Buenos Aires :
Santillana,
1997
|
| Etiquetas: |
Agregar Etiqueta
Sin Etiquetas, Sea el primero en etiquetar este registro!
|
| LEADER | 00419nam a22001455a 4500 | ||
|---|---|---|---|
| 001 | CEM.cems010598 | ||
| 005 | 20061102152317.0 | ||
| 008 | 130507s1997##################000#0#####d | ||
| 003 | CEMS | ||
| 082 | 0 | 4 | |a Z302 |
| 100 | 1 | |a Musa, Marcelo | |
| 245 | 1 | 0 | |a Ciencias sociales 7mo. egb / |c Marcelo Musa |
| 260 | |a Buenos Aires : |b Santillana, |c 1997 | ||
| 300 | |a 336 p. | ||
| 859 | |a CEMS |b BIB. CEMS - 11 de abril |h Z302 |i B462 |p 21149.01 |t Ej.1 |v 7º |3 7º | ||
